000 00701nam a2200217 i 4500
001 23541
003 ES-MaACL
005 20230906152906.0
007 t|
008 021211s1968 sp ||||1| spa d
100 1 _aAllmen, Jean-Jacques von.
_920047
245 1 0 _aMinisterio sagrado
_b: estudios de teología ecuménica /
_cJean-Jacques von Allmen ; [tradujeron, Manuel de Terry y Luis Bittini, S.J.].
260 _aSalamanca :
_bSígueme,
_c1968.
300 _a164 p. ;
_c22 cm.
490 1 _aDiálogo ;
_v1
700 1 _aTerry, Manuel de.
_9109806
700 1 _aBittini, Luis.
_929031
830 0 _aDiálogo ;
_v1
_9180869
852 _aES-MaACL
_jC-33978
_bR.65001
999 _c23541
_d23541